Every Winner Of The F1 Austrian Grand Prix - Statistics

General Stats
  • This quiz has been taken 14 times
  • The average score is 30 of 46
Answer Stats
Hint Answer % Correct
2016 Lewis Hamilton
100%
2018 Max Verstappen
100%
2019 Max Verstappen
100%
2021 Max Verstappen
100%
2023 Max Verstappen
100%
2002 Michael Schumacher
100%
2003 Michael Schumacher
100%
1984 Niki Lauda
100%
2022 Charles Leclerc
92%
2014 Nico Rosberg
92%
2015 Nico Rosberg
92%
1983 Alain Prost
85%
1985 Alain Prost
85%
1986 Alain Prost
85%
2024 George Russell
85%
1997 Jacues Villeneuve
85%
2025 Lando Norris
85%
1998 Mika Hakkinen
85%
2000 Mika Hakkinen
85%
1987 Nigel Mansell
85%
1972 Emerson Fittipaldi
77%
1963 Jack Brabham
77%
1977 Alan Jones
69%
1979 Alan Jones
69%
1974 Carlos Reutemann
69%
1965 Jochen Rindt
69%
2017 Valtteri Bottas
69%
2020 Valtteri Bottas
69%
2001 David Coulthard
62%
1970 Jacky Ickx
62%
1999 Eddie Irvine
54%
1976 John Watson
54%
1973 Ronnie Peterson
54%
1978 Ronnie Peterson
54%
1981 Jacques Laffite
46%
1982 Elio De Angelis
23%
1980 Jean-Pierre Jabouille
23%
1968 Jo Siffert
23%
1969 Jo Siffert
23%
1971 Jo Siffert
23%
1964 Lorenzo Bandini
23%
1975 Vittorio Brambilla
23%
1966 Gerhard Mitter
15%
1966 Hans Herrmann
15%
1969 Kurt Ahrens Jr
15%
1967 Paul Hawkins
15%
No matching quizzes found
Score Distribution
Percent of People with Each Score
Percentile by Number Answered
Your Score History
You have not taken this quiz